[Event "Stay Safe Play From Home 165"]
[Site "T#646231Emanuel Laske"]
[Date "2020.05.21"]
[Round "6"]
[White "Grizzzly"]
[Black "Haris kollari 13"]
[Result "1-0"]
[WhiteElo "1676"]
[BlackElo "1977"]
[Annotator "NA"]
[PlyCount "87"]
[EventDate "2020.05.21"]
[EventType "swiss (blitz)"]

1. d3 {[%emt 0:00:03]} d5 {[%emt 0:00:02]} 2. Nf3 {[%emt 0:00:03]} c5 {[%emt 0:00:01]} 3. g3 {[%emt 0:00:03]} Nc6 {[%emt 0:00:01]} 4. Bg2 {[%emt 0:00:01]} Bg4 {[%emt 0:00:01]} 5. O-O {[%emt 0:00:01]} Qd7 {[%emt 0:00:01]} 6. Nbd2 {[%emt 0:00:01]} Bh3 {[%emt 0:00:02]} 7. e4 {[%emt 0:00:08]} d4 {[%emt 0:00:03]} 8. a4 {[%emt 0:00:08]} e5 {[%emt 0:00:05]} 9. Nc4 {[%emt 0:00:03]} f6 {[%emt 0:00:02]} 10. Ne1 {[%emt 0:00:16]} g5 {[%emt 0:00:04]} 11. Qh5+ {[%emt 0:00:08]} Qf7 {[%emt 0:00:07]} 12. Qxh3 {[%emt 0:00:01]} h5 {[%emt 0:00:04]} 13. f3 {[%emt 0:00:34]} Nh6 {[%emt 0:00:07]} 14. Bh1 {[%emt 0:00:16]} Be7 {[%emt 0:00:02]} 15. Qg2 {[%emt 0:00:01]} O-O-O {[%emt 0:00:02]} 16. Qd2 {[%emt 0:00:05]} f5 {[%emt 0:00:12]} 17. Na5 {[%emt 0:00:10]} Rd6 {[%emt 0:00:21]} 18. Nxc6 {[%emt 0:00:01]} Rxc6 {[%emt 0:00:02]} 19. exf5 {[%emt 0:00:06]} Nxf5 {[%emt 0:00:03]} 20. f4 {[%emt 0:00:00]} gxf4 {[%emt 0:00:18]} 21. Bxc6 {[%emt 0:00:02]} bxc6 {[%emt 0:00:01]} 22. Nf3 {[%emt 0:00:03]} fxg3 {[%emt 0:00:05]} 23. Nxe5 {[%emt 0:00:02]} gxh2+ {[%emt 0:00:08]} 24. Qxh2 {[%emt 0:00:02]} Rg8+ {[%emt 0:00:03]} 25. Kh1 {[%emt 0:00:03]} Qd5+ {[%emt 0:00:01]} 26. Nf3 {[%emt 0:00:04]} Bd6 {[%emt 0:00:01]} 27. Bf4 {[%emt 0:00:17]} Bxf4 {[%emt 0:00:08]} 28. Qxf4 {[%emt 0:00:01]} Ng3+ {[%emt 0:00:01]} 29. Kh2 {[%emt 0:00:00]} Nxf1+ {[%emt 0:00:18]} 30. Rxf1 {[%emt 0:00:01]} Rg4 {[%emt 0:00:01]} 31. Qf8+ {[%emt 0:00:02]} Kb7 {[%emt 0:00:01]} 32. b4 {[%emt 0:00:06]} Qd6+ {[%emt 0:00:03]} 33. Qxd6 {[%emt 0:00:01]} cxb4 {[%emt 0:00:02]} 34. Qxb4+ {[%emt 0:00:02]} Ka6 {[%emt 0:00:03]} 35. Nxd4 {[%emt 0:00:00]} Rh4+ {[%emt 0:00:04]} 36. Kg3 {[%emt 0:00:01]} Rg4+ {[%emt 0:00:00]} 37. Kf3 {[%emt 0:00:01]} Rg5 {[%emt 0:00:05]} 38. Ke2 {[%emt 0:00:00]} Rg2+ {[%emt 0:00:01]} 39. Kd1 {[%emt 0:00:02]} Rg4 {[%emt 0:00:01]} 40. Rf6 {[%emt 0:00:00]} Rg1+ {[%emt 0:00:05]} 41. Kd2 {[%emt 0:00:00]} Rg2+ {[%emt 0:00:01]} 42. Kc3 {[%emt 0:00:00]} Rxc2+ {[%emt 0:00:01]} 43. Kxc2 {[%emt 0:00:02]} h4 {[%emt 0:00:03]} 44. Rxc6# {[%emt 0:00:00] (Lag: Av=0.36s, max=0.5s)} 1-0

[Event "Stay Safe Play From Home 165"]
[Site "T#646231Emanuel Laske"]
[Date "2020.05.21"]
[Round "7"]
[White "Mepe_Nika"]
[Black "Grizzzly"]
[Result "1-0"]
[WhiteElo "2287"]
[BlackElo "1705"]
[Annotator "TA"]
[PlyCount "45"]
[EventDate "2020.05.21"]
[EventType "swiss (blitz)"]

{[%evp 9,45,-5,-2,-7,-10,0,0,-5,-14,-29,26,-7,-14,-43,18,9,114,106,116,112,111,109,241,238,232,233,393,392,450,460,484,494,497,500,505,498,485,485]} 1. e4 e6 2. d4 d5 3. Bd3 dxe4 4. Bxe4 Nf6 5. Bf3 Be7 6. Ne2 {C01: French: Exchange Variation.} O-O 7. O-O c5 8. c4 {The position is equal.} cxd4 9. Nxd4 Nbd7 (9... Qb6 $142 10. Nc2 Bd7) 10. Nc3 Ne5 11. Be2 {[#]} b6 $146 ({Black should play} 11... Qc7 $15) ({Predecessor:} 11... Bd7 12. Bf4 Ng6 13. Be3 a6 14. c5 e5 15. Nb3 Qc7 {½-½ (36) Zubarev,A (2565)-Itkis,B (2348) Iasi 2015}) 12. Bf4 $36 {[%mdl 2048] White has some pressure.} Ng6 (12... Nfd7 $1 $11) 13. Nc6 $16 Qxd1 14. Nxe7+ ({Not} 14. Nxd1 Bc5 $15) 14... Nxe7 15. Rfxd1 Bb7 {This move loses the game for Black.} (15... Nc6 $16 {is a better defense.}) 16. Bd6 $18 Rfe8 {[#]} 17. Nb5 $1 Rac8 $2 (17... Nf5 18. Nc7 Nxd6) 18. Nxa7 Ra8 19. Nb5 {White is clearly winning.} Rac8 20. Nc7 Rf8 21. Bxe7 Rxc7 22. Bxf8 Kxf8 23. a4 {Accuracy: White = 91%, Black = 40%.} 1-0

[Event "Stay Safe Play From Home 165"]
[Site "T#646231Emanuel Laske"]
[Date "2020.05.21"]
[Round "7"]
[White "Lazieri3"]
[Black "shahildey"]
[Result "0-1"]
[WhiteElo "2073"]
[BlackElo "2120"]
[Annotator "TA"]
[PlyCount "104"]
[EventDate "2020.05.21"]
[EventType "swiss (blitz)"]

{[%evp 9,104,2,34,32,32,7,2,6,25,-22,-14,-27,0,-17,-25,-29,0,0,0,0,4,-3,38,24,35,37,35,0,0,-26,-10,-25,22,27,176,70,278,119,111,126,110,22,22,15,15,17,26,25,54,-120,-44,-631,-639,-737,-671,-675,-679,-677,-669,-744,-761,-752,-734,-795,-716,-1025,-851,-835,-837,-1618,-1261,-1220,-1208,-1306,-1300,-1483,-1460,-2770,-1272,-1462,-1441,-1347,-1325,-29983,-5281,-29987,-29988,-29991,-29991,-29991,-29988,-29988,-29987,-29987,-29986,-29988,-29983]} 1. e4 c5 2. Nc3 e6 3. d3 Nc6 4. Nf3 g6 5. Bg5 f6 (5... Be7 {seems wilder.} 6. Be3 Nf6 7. d4 cxd4 8. Nxd4 O-O) 6. Be3 {B40: Sicilian: 2...e6, Unusual lines.} d5 {[#]} 7. exd5 $146 ({Predecessor:} 7. d4 e5 8. Nxd5 cxd4 9. Bd2 f5 10. Qe2 fxe4 {0-1 (10) Kriz,L (2122)-Orsag,M (2140) Czechia 1999}) 7... exd5 8. d4 {The position is equal.} c4 9. Qd2 Bb4 10. a3 Ba5 11. Be2 Nge7 12. O-O O-O 13. b4 Bc7 14. Rfe1 a6 15. Bf4 Bg4 16. Bxc7 Qxc7 17. h3 $36 {[%mdl 2048] White is more active.} Bf5 18. Nd1 Rae8 19. Ne3 Be4 20. c3 f5 21. Ng5 f4 {[#]} (21... Nd8 $1 $11 {and Black stays safe.}) 22. Ng4 (22. Nxc4 $1 $18 {[%mdl 512] And now Ne6 would win.} Bf5 (22... dxc4 23. Nxe4) 23. Nb2) 22... Nc8 $2 {[#]} (22... Bf5 $1 $14) 23. Bf3 (23. Bxc4 $1 $18 {[%mdl 512] has better winning chances.} Kg7 (23... dxc4 24. Nxe4) 24. f3) 23... Nd6 $16 24. Bxe4 dxe4 {[#]} 25. d5 (25. Qc2 $1 $16) 25... Nd8 $1 $11 26. Qd4 {[%cal Rg4h6]} Qg7 27. Rad1 {[%cal Rg5e4]} h5 28. Nh2 {[%cal Rg5e4]} Rf5 29. Qxg7+ (29. Nxe4 $14 Qxd4 30. Rxd4) 29... Kxg7 $15 30. Rd4 $2 {[%mdl 8192]} (30. h4 $15) 30... Rxg5 $19 31. f3 exf3 32. Nxf3 {Threatens to win with Rxe8.} Rxe1+ 33. Nxe1 Re5 34. Nf3 Re3 35. Rxf4 Rxc3 36. Ng5 Rc1+ 37. Kh2 Nf5 38. Re4 c3 {aiming for ...Rh1+!} 39. h4 c2 40. Rc4 Kf6 41. Ne4+ Ke5 42. Nf2 Kxd5 43. Rc8 Ne6 44. Nd3 Rd1 {Strongly threatening ...Ne3.} 45. Rxc2 Rxd3 46. Rc8 Nf4 (46... Rxa3 $142 47. Rc2 Rb3 48. Rd2+ Kc4 49. Re2 Ned4 50. Re8 Kxb4 51. Rf8 Nxh4 52. Rd8 Nhf5 53. Rd7 b5 54. Rb7 a5 55. Rc7 a4 56. Rh7 a3 57. Rf7 a2 58. Ra7 Ra3 59. Rxa3 Kxa3 60. g4 hxg4 61. Kg2 a1=Q 62. Kf2 Nf3 63. Ke2 Qa2+ 64. Kf1 Ng3#) 47. Rd8+ {[#]} Ke4 $1 {Black mates.} 48. Rxd3 Kxd3 49. g3 Ke3 50. gxf4 Kxf4 51. Kh3 Nd4 52. b5 Nc2 {Black used his chance. Accuracy: White = 43%, Black = 63%.} 0-1

[Event "Stay Safe Play From Home 165"]
[Site "T#646231Emanuel Laske"]
[Date "2020.05.21"]
[Round "7"]
[White "Sfantul321"]
[Black "Dukic"]
[Result "0-1"]
[WhiteElo "2046"]
[BlackElo "1863"]
[Annotator "NA"]
[PlyCount "38"]
[EventDate "2020.05.21"]
[EventType "swiss (blitz)"]

1. c4 {[%emt 0:00:01]} c6 {[%emt 0:00:03]} 2. d4 {[%emt 0:00:02]} d6 {[%emt 0:00:01]} 3. e4 {[%emt 0:00:01]} Nd7 {[%emt 0:00:01]} 4. f4 {[%emt 0:00:01]} e5 {[%emt 0:00:02]} 5. Nc3 {[%emt 0:00:02]} Qc7 {[%emt 0:00:02]} 6. Nf3 {[%emt 0:00:01]} Be7 {[%emt 0:00:01]} 7. Be3 {[%emt 0:00:01]} Ngf6 {[%emt 0:00:01]} 8. Bd3 {[%emt 0:00:01]} O-O {[%emt 0:00:01]} 9. O-O {[%emt 0:00:01]} Re8 {[%emt 0:00:01]} 10. Rc1 {[%emt 0:00:03]} Bf8 {[%emt 0:00:01]} 11. h3 {[%emt 0:00:02]} a6 {[%emt 0:00:02]} 12. a4 {[%emt 0:00:02]} Qa5 {[%emt 0:00:03]} 13. fxe5 {[%emt 0:00:03]} dxe5 {[%emt 0:00:02]} 14. d5 {[%emt 0:00:00]} Bc5 {[%emt 0:00:09]} 15. Qd2 {[%emt 0:00:03]} Qb6 {[%emt 0:00:03]} 16. Bxc5 {[%emt 0:00:02]} Nxc5 {[%emt 0:00:03]} 17. Bc2 {[%emt 0:00:03]} Ncxe4+ {[%emt 0:00:03]} 18. c5 {[%emt 0:00:07]} Qxc5+ {[%emt 0:00:02]} 19. Kh2 {[%emt 0:00:02]} Nxd2 {[%emt 0:00:01] Sfantul321 resigns (Lag: Av=0.22s, max=0.6s)} 0-1

[Event "Stay Safe Play From Home 165"]
[Site "T#646231Emanuel Laske"]
[Date "2020.05.21"]
[Round "7"]
[White "Haris kollari 13"]
[Black "Alin1001"]
[Result "0-1"]
[WhiteElo "1948"]
[BlackElo "2038"]
[Annotator "NA"]
[PlyCount "104"]
[EventDate "2020.05.21"]
[EventType "swiss (blitz)"]

1. e4 {[%emt 0:00:01]} c5 {[%emt 0:00:01]} 2. Nf3 {[%emt 0:00:01]} a6 {[%emt 0:00:01]} 3. d4 {[%emt 0:00:01]} cxd4 {[%emt 0:00:01]} 4. Nxd4 {[%emt 0:00:00]} Nf6 {[%emt 0:00:01]} 5. Nc3 {[%emt 0:00:02]} e5 {[%emt 0:00:01]} 6. Nb3 {[%emt 0:00:04]} Bb4 {[%emt 0:00:01]} 7. f3 {[%emt 0:00:01]} d5 {[%emt 0:00:02]} 8. exd5 {[%emt 0:00:03]} Nxd5 {[%emt 0:00:01]} 9. Bd2 {[%emt 0:00:01]} Nxc3 {[%emt 0:00:02]} 10. Bxc3 {[%emt 0:00:02]} Bxc3+ {[%emt 0:00:02]} 11. bxc3 {[%emt 0:00:01]} Qxd1+ {[%emt 0:00:01]} 12. Rxd1 {[%emt 0:00:01]} O-O {[%emt 0:00:01]} 13. Bd3 {[%emt 0:00:02]} Nc6 {[%emt 0:00:01]} 14. O-O {[%emt 0:00:05]} b6 {[%emt 0:00:05]} 15. Be4 {[%emt 0:00:01]} Bb7 {[%emt 0:00:03]} 16. Rd7 {[%emt 0:00:01]} Rab8 {[%emt 0:00:09]} 17. Rxb7 {[%emt 0:00:01]} Rxb7 {[%emt 0:00:01]} 18. Bxc6 {[%emt 0:00:01]} Rc7 {[%emt 0:00:01]} 19. Be4 {[%emt 0:00:01]} Rxc3 {[%emt 0:00:01]} 20. Rd1 {[%emt 0:00:02]} f5 {[%emt 0:00:04]} 21. Bd3 {[%emt 0:00:08]} a5 {[%emt 0:00:02]} 22. Nd2 {[%emt 0:00:03]} Rfc8 {[%emt 0:00:04]} 23. Rb1 {[%emt 0:00:02]} R8c6 {[%emt 0:00:05]} 24. Rb5 {[%emt 0:00:04]} R3c5 {[%emt 0:00:07]} 25. Rxc5 {[%emt 0:00:04]} Rxc5 {[%emt 0:00:01]} 26. Bxf5 {[%emt 0:00:01]} g6 {[%emt 0:00:03]} 27. Be4 {[%emt 0:00:02]} Kg7 {[%emt 0:00:04]} 28. Kf2 {[%emt 0:00:01]} Rc3 {[%emt 0:00:02]} 29. Ke2 {[%emt 0:00:02]} Kf6 {[%emt 0:00:04]} 30. Nb3 {[%emt 0:00:04]} Ke6 {[%emt 0:00:04]} 31. Kd2 {[%emt 0:00:01]} Rc7 {[%emt 0:00:02]} 32. Nc1 {[%emt 0:00:05]} Kd6 {[%emt 0:00:03]} 33. Nd3 {[%emt 0:00:01]} Rc4 {[%emt 0:00:04]} 34. Nb2 {[%emt 0:00:04]} Rc8 {[%emt 0:00:03]} 35. Bd3 {[%emt 0:00:01]} Kc5 {[%emt 0:00:02]} 36. Na4+ {[%emt 0:00:05]} Kc6 {[%emt 0:00:06]} 37. Be4+ {[%emt 0:00:02]} Kc7 {[%emt 0:00:01]} 38. c4 {[%emt 0:00:02]} Rd8+ {[%emt 0:00:02]} 39. Kc3 {[%emt 0:00:02]} Rd1 {[%emt 0:00:02]} 40. g4 {[%emt 0:00:10]} Rh1 {[%emt 0:00:04]} 41. Kb3 {[%emt 0:00:04]} Rxh2 {[%emt 0:00:02]} 42. Nc3 {[%emt 0:00:01]} Kd6 {[%emt 0:00:04]} 43. Nd5 {[%emt 0:00:01]} Kc5 {[%emt 0:00:01]} 44. Nf6 {[%emt 0:00:03]} h5 {[%emt 0:00:03]} 45. Nd7+ {[%emt 0:00:07]} Kd4 {[%emt 0:00:01]} 46. Bxg6 {[%emt 0:00:09]} h4 {[%emt 0:00:03]} 47. Nxb6 {[%emt 0:00:05]} h3 {[%emt 0:00:01]} 48. g5 {[%emt 0:00:01]} Rg2 {[%emt 0:00:03]} 49. Be8 {[%emt 0:00:01]} h2 {[%emt 0:00:02]} 50. f4 {[%emt 0:00:00]} h1=Q {[%emt 0:00:02]} 51. Bc6 {[%emt 0:00:01]} Qb1+ {[%emt 0:00:02]} 52. Ka4 {[%emt 0:00:02]} Rxa2# {[%emt 0:00:01] (Lag: Av=0.46s, max=1.0s)} 0-1

[Event "Stay Safe Play From Home 165"]
[Site "T#646231Emanuel Laske"]
[Date "2020.05.21"]
[Round "7"]
[White "Matanant"]
[Black "Timbre"]
[Result "1-0"]
[WhiteElo "1773"]
[BlackElo "1588"]
[Annotator "NA"]
[PlyCount "87"]
[EventDate "2020.05.21"]
[EventType "swiss (blitz)"]

1. e4 {[%emt 0:00:03]} c6 {[%emt 0:00:02]} 2. d4 {[%emt 0:00:02]} d5 {[%emt 0:00:02]} 3. Nd2 {[%emt 0:00:00]} dxe4 {[%emt 0:00:03]} 4. Nxe4 {[%emt 0:00:00]} Bf5 {[%emt 0:00:02]} 5. Ng3 {[%emt 0:00:00]} Bg6 {[%emt 0:00:01]} 6. h4 {[%emt 0:00:00]} h6 {[%emt 0:00:02]} 7. h5 {[%emt 0:00:01]} Bh7 {[%emt 0:00:01]} 8. Nf3 {[%emt 0:00:00]} Nd7 {[%emt 0:00:02]} 9. Bd3 {[%emt 0:00:00]} Bxd3 {[%emt 0:00:03]} 10. Qxd3 {[%emt 0:00:00]} Ngf6 {[%emt 0:00:02]} 11. O-O {[%emt 0:00:00]} e6 {[%emt 0:00:03]} 12. Re1 {[%emt 0:00:00]} Be7 {[%emt 0:00:02]} 13. c3 {[%emt 0:00:03]} O-O {[%emt 0:00:02]} 14. Bf4 {[%emt 0:00:01]} Re8 {[%emt 0:00:02]} 15. Rad1 {[%emt 0:00:02]} Nb6 {[%emt 0:00:02]} 16. b3 {[%emt 0:00:08]} Nbd5 {[%emt 0:00:02]} 17. Be5 {[%emt 0:00:04]} Bd6 {[%emt 0:00:07]} 18. c4 {[%emt 0:00:09]} Nb4 {[%emt 0:00:11]} 19. Qd2 {[%emt 0:00:03]} a5 {[%emt 0:00:09]} 20. a3 {[%emt 0:00:05]} Na6 {[%emt 0:00:06]} 21. Qf4 {[%emt 0:00:07]} Bxe5 {[%emt 0:00:05]} 22. Nxe5 {[%emt 0:00:04]} Qe7 {[%emt 0:00:09]} 23. Ng4 {[%emt 0:00:04]} Nxg4 {[%emt 0:00:03]} 24. Qxg4 {[%emt 0:00:02]} Qxa3 {[%emt 0:00:04]} 25. Ne4 {[%emt 0:00:02]} Qe7 {[%emt 0:00:07]} 26. Re3 {[%emt 0:00:02]} f5 {[%emt 0:00:05]} 27. Qg6 {[%emt 0:00:07]} fxe4 {[%emt 0:00:02]} 28. Rxe4 {[%emt 0:00:01]} Qf7 {[%emt 0:00:04]} 29. Qg3 {[%emt 0:00:09]} Rad8 {[%emt 0:00:06]} 30. Rde1 {[%emt 0:00:04]} b5 {[%emt 0:00:05]} 31. cxb5 {[%emt 0:00:10]} cxb5 {[%emt 0:00:02]} 32. Rf4 {[%emt 0:00:03]} Qe7 {[%emt 0:00:09]} 33. Re5 {[%emt 0:00:05]} Rf8 {[%emt 0:00:07]} 34. Rg4 {[%emt 0:00:03]} Qf7 {[%emt 0:00:06]} 35. Qe3 {[%emt 0:00:04]} Nb4 {[%emt 0:00:08]} 36. Rxe6 {[%emt 0:00:04]} Nd5 {[%emt 0:00:06]} 37. Qe1 {[%emt 0:00:07]} Qf5 {[%emt 0:00:07]} 38. Reg6 {[%emt 0:00:07]} Rf7 {[%emt 0:00:07]} 39. f3 {[%emt 0:00:02]} Rdf8 {[%emt 0:00:03]} 40. Rxh6 {[%emt 0:00:05]} Qxg4 {[%emt 0:00:06]} 41. fxg4 {[%emt 0:00:02]} gxh6 {[%emt 0:00:01]} 42. Qe6 {[%emt 0:00:02]} Kg7 {[%emt 0:00:02]} 43. Qxd5 {[%emt 0:00:02]} Rf6 {[%emt 0:00:01]} 44. Qe5 {[%emt 0:00:02] (Lag: Av=0.79s, max=1.7s)} 1-0

[Event "Stay Safe Play From Home 165"]
[Site "T#646231Emanuel Laske"]
[Date "2020.05.21"]
[Round "7"]
[White "Tunca"]
[Black "Gavi"]
[Result "0-1"]
[WhiteElo "1633"]
[BlackElo "2061"]
[Annotator "TA"]
[PlyCount "64"]
[EventDate "2020.05.21"]
[EventType "swiss (blitz)"]

{[%evp 18,64,14,8,26,4,32,18,18,0,0,-10,29,30,28,-12,0,-8,0,0,0,-44,-39,-86,-82,-85,-79,-86,-82,-93,-93,-127,-18,-168,-168,-168,-164,-190,-195,-235,-190,-416,-209,-450,-196,-410,-214,-381,-190]} 1. e4 c5 2. Nf3 d6 3. d4 cxd4 4. Nxd4 Nf6 5. Nc3 g6 6. Bc4 Bg7 7. Bb3 O-O 8. O-O Nc6 9. Be3 Bd7 10. f3 a6 {B76: Sicilian Dragon: Yugoslav Attack, 9 g4 and 9 0-0-0.} 11. Qd2 Rc8 12. Kh1 Ne5 {The position is equal.} 13. Bh6 Nc4 14. Bxc4 $1 {And now Bxg7 would win.} Rxc4 15. Bxg7 Kxg7 16. Rad1 Qc7 {[#]} 17. Nde2 $146 ({Predecessor:} 17. Nd5 Nxd5 18. exd5 e5 19. dxe6 fxe6 20. c3 e5 21. Ne2 Rc6 22. f4 Be6 23. b3 {0-1 (39) Yilmaz,D (1405)-Kocyigit,B (2000) Antalya 2020}) 17... b5 18. a3 a5 {[%cal Ba6a5,Ba5b4][%mdl 32]} 19. Rc1 Rc8 20. Nd4 b4 21. axb4 axb4 22. Nd5 Nxd5 23. exd5 Qc5 $36 {[%mdl 2048] Black is in control.} 24. Nb3 Qb5 (24... Qa7 $17 {Strongly threatening ...Qa2.} 25. Rfd1 Qa2) 25. Rf2 {Loses the game.} (25. Rfe1 $11 {and White has nothing to worry.}) 25... Bf5 $19 26. Nd4 Qxd5 27. Nxf5+ Qxf5 28. Re2 R8c7 29. Qe1 $2 (29. Kg1) 29... e6 (29... Rxc2 $142 30. Rexc2 Rxc2 31. Rxc2 Qxc2) 30. Rd2 $2 (30. Qd1) 30... d5 (30... Rxc2 $142 31. Rdxc2 Rxc2) 31. Qe2 $2 {[#]} (31. Qd1) 31... Qf6 (31... b3 $142 $1 {[%cal Rc4c2][%mdl 512]} 32. c3 {[#]} (32. cxb3 Rxc1+) 32... d4 $1 {[%mdl 512]}) 32. Kg1 $2 (32. Rb1) 32... Rd4 {Accuracy: White = 33%, Black = 42%.} (32... Qxb2 $142 33. Qd1 Ra7) 0-1

[Event "Stay Safe Play From Home 165"]
[Site "T#646231Emanuel Laske"]
[Date "2020.05.21"]
[Round "8"]
[White "shahildey"]
[Black "Sfantul321"]
[Result "1-0"]
[WhiteElo "2135"]
[BlackElo "2021"]
[Annotator "NA"]
[PlyCount "73"]
[EventDate "2020.05.21"]
[EventType "swiss (blitz)"]

1. e4 {[%emt 0:00:01]} g6 {[%emt 0:00:04]} 2. d4 {[%emt 0:00:01]} d6 {[%emt 0:00:01]} 3. Nc3 {[%emt 0:00:01]} Bg7 {[%emt 0:00:00]} 4. f4 {[%emt 0:00:01]} Nf6 {[%emt 0:00:01]} 5. Nf3 {[%emt 0:00:01]} Bg4 {[%emt 0:00:01]} 6. Be2 {[%emt 0:00:02]} O-O {[%emt 0:00:01]} 7. O-O {[%emt 0:00:01]} Nc6 {[%emt 0:00:01]} 8. h3 {[%emt 0:00:02]} Bxf3 {[%emt 0:00:01]} 9. Bxf3 {[%emt 0:00:00]} e5 {[%emt 0:00:00]} 10. Ne2 {[%emt 0:00:15]} exd4 {[%emt 0:00:05]} 11. Nxd4 {[%emt 0:00:01]} Re8 {[%emt 0:00:06]} 12. Nxc6 {[%emt 0:00:04]} bxc6 {[%emt 0:00:01]} 13. Re1 {[%emt 0:00:00]} Rb8 {[%emt 0:00:02]} 14. c3 {[%emt 0:00:04]} c5 {[%emt 0:00:04]} 15. Qc2 {[%emt 0:00:01]} Qd7 {[%emt 0:00:03]} 16. b3 {[%emt 0:00:07]} Qe6 {[%emt 0:00:06]} 17. Bb2 {[%emt 0:00:02]} Nd7 {[%emt 0:00:03]} 18. Rad1 {[%emt 0:00:03]} h5 {[%emt 0:00:04]} 19. g4 {[%emt 0:00:15]} Nf6 {[%emt 0:00:08]} 20. Qg2 {[%emt 0:00:09]} hxg4 {[%emt 0:00:04]} 21. hxg4 {[%emt 0:00:01]} a5 {[%emt 0:00:09]} 22. c4 {[%emt 0:00:02]} Nd7 {[%emt 0:00:06]} 23. f5 {[%emt 0:00:05]} Qe7 {[%emt 0:00:03]} 24. fxg6 {[%emt 0:00:10]} fxg6 {[%emt 0:00:01]} 25. e5 {[%emt 0:00:01]} Nxe5 {[%emt 0:00:06]} 26. Bd5+ {[%emt 0:00:01]} Kh7 {[%emt 0:00:04]} 27. Qh3+ {[%emt 0:00:10]} Bh6 {[%emt 0:00:01]} 28. Kg2 {[%emt 0:00:10]} Qg5 {[%emt 0:00:04]} 29. Re4 {[%emt 0:00:08]} Qf6 {[%emt 0:00:15]} 30. Rh1 {[%emt 0:00:06]} g5 {[%emt 0:00:01]} 31. Rf1 {[%emt 0:00:06]} Qg6 {[%emt 0:00:11]} 32. Re2 {[%emt 0:00:04]} Rf8 {[%emt 0:00:02]} 33. Be4 {[%emt 0:00:02]} Rxf1 {[%emt 0:00:05]} 34. Kxf1 {[%emt 0:00:00]} Rf8+ {[%emt 0:00:01]} 35. Kg2 {[%emt 0:00:01]} Qxe4+ {[%emt 0:00:03]} 36. Rxe4 {[%emt 0:00:01]} Kg6 {[%emt 0:00:00]} 37. Bxe5 {[%emt 0:00:01] Sfantul321 resigns (Lag: Av=0.47s, max=0.8s)} 1-0

[Event "Stay Safe Play From Home 165"]
[Site "T#646231Emanuel Laske"]
[Date "2020.05.21"]
[Round "8"]
[White "Alin1001"]
[Black "Lazieri3"]
[Result "1-0"]
[WhiteElo "2051"]
[BlackElo "2058"]
[Annotator "NA"]
[PlyCount "75"]
[EventDate "2020.05.21"]
[EventType "swiss (blitz)"]

1. e4 {[%emt 0:00:02]} c6 {[%emt 0:00:00]} 2. d3 {[%emt 0:00:02]} d5 {[%emt 0:00:00]} 3. Nd2 {[%emt 0:00:02]} dxe4 {[%emt 0:00:01]} 4. dxe4 {[%emt 0:00:01]} Nf6 {[%emt 0:00:01]} 5. Bc4 {[%emt 0:00:01]} Bg4 {[%emt 0:00:02]} 6. f3 {[%emt 0:00:02]} Bh5 {[%emt 0:00:01]} 7. h4 {[%emt 0:00:02]} h6 {[%emt 0:00:02]} 8. g4 {[%emt 0:00:02]} Bg6 {[%emt 0:00:01]} 9. h5 {[%emt 0:00:01]} Bh7 {[%emt 0:00:01]} 10. Ne2 {[%emt 0:00:04]} e6 {[%emt 0:00:01]} 11. b3 {[%emt 0:00:13]} Nbd7 {[%emt 0:00:02]} 12. Bb2 {[%emt 0:00:01]} Nb6 {[%emt 0:00:01]} 13. Bd3 {[%emt 0:00:02]} Bc5 {[%emt 0:00:05]} 14. Nf1 {[%emt 0:00:10]} Qe7 {[%emt 0:00:03]} 15. c3 {[%emt 0:00:09]} Ba3 {[%emt 0:00:02]} 16. Qc2 {[%emt 0:00:01]} Bxb2 {[%emt 0:00:01]} 17. Qxb2 {[%emt 0:00:01]} O-O-O {[%emt 0:00:02]} 18. O-O-O {[%emt 0:00:01]} Nfd7 {[%emt 0:00:02]} 19. c4 {[%emt 0:00:09]} Ne5 {[%emt 0:00:03]} 20. Qxe5 {[%emt 0:00:02]} Qd7 {[%emt 0:00:09]} 21. Bc2 {[%emt 0:00:03]} Qe7 {[%emt 0:00:01]} 22. Qxg7 {[%emt 0:00:10]} Rxd1+ {[%emt 0:00:12]} 23. Bxd1 {[%emt 0:00:07]} Qe8 {[%emt 0:00:16]} 24. Ne3 {[%emt 0:00:08]} Nd7 {[%emt 0:00:01]} 25. Bc2 {[%emt 0:00:05]} Nc5 {[%emt 0:00:02]} 26. Rd1 {[%emt 0:00:02]} e5 {[%emt 0:00:02]} 27. Nf5 {[%emt 0:00:06]} Bxf5 {[%emt 0:00:01]} 28. exf5 {[%emt 0:00:01]} Rg8 {[%emt 0:00:17]} 29. Qxh6 {[%emt 0:00:03]} e4 {[%emt 0:00:01]} 30. fxe4 {[%emt 0:00:04]} Nxe4 {[%emt 0:00:01]} 31. Bxe4 {[%emt 0:00:02]} Qxe4 {[%emt 0:00:02]} 32. Qd2 {[%emt 0:00:03]} Re8 {[%emt 0:00:07]} 33. Nc3 {[%emt 0:00:04]} a5 {[%emt 0:00:04]} 34. Nxe4 {[%emt 0:00:02]} Rxe4 {[%emt 0:00:01]} 35. Qd7+ {[%emt 0:00:03]} Kb8 {[%emt 0:00:01]} 36. Qd8+ {[%emt 0:00:01]} Ka7 {[%emt 0:00:01]} 37. Qxa5+ {[%emt 0:00:01]} Kb8 {[%emt 0:00:01]} 38. Rd8# {[%emt 0:00:01] (Lag: Av=0.65s, max=2.4s)} 1-0